| Tag |
First Indicator |
Second Indicator |
Subfields |
| LEADER |
00000cam a2200000 a 4500 |
| 001 |
in00000091118 |
| 005 |
20150923131315.0 |
| 008 |
811210s1981 enkab b 00110 eng d |
| 020 |
|
|
|a 0713163038 :
|c 914.95
|
| 035 |
|
|
|a (OCoLC)07985490
|
| 035 |
|
|
|9 AAK6705AM
|
| 040 |
|
|
|a GZN
|c GZN
|d TXA
|d UtOrBLW
|
| 049 |
|
|
|a TXAM
|c [1272787]
|
| 090 |
|
|
|a QC981
|b .O42 1981a
|
| 100 |
1 |
|
|a Oliver, John E.
|
| 245 |
1 |
0 |
|a Climatology :
|b selected applications /
|c John E. Oliver.
|
| 264 |
|
1 |
|a [Silver Spring, Md.] :
|b V.H. Winston ;
|a London : Arnold ;
|c 1981.
|
| 264 |
|
2 |
|a New York :
|b Distributed in the United States of America by Halsted Press,
|
| 300 |
|
|
|a ix, 260 pages :
|b illustrations, maps ;
|c 24 cm.
|
| 336 |
|
|
|a text
|b txt
|2 rdacontent
|
| 337 |
|
|
|a unmediated
|b n
|2 rdamedia
|
| 338 |
|
|
|a volume
|b nc
|2 rdacarrier
|
| 490 |
1 |
|
|a Scripta series in geography
|
| 500 |
|
|
|a Includes index.
|
| 504 |
|
|
|a Bibliography: pages 245-250.
|
| 650 |
|
0 |
|a Climatology.
|
| 830 |
|
0 |
|a Scripta series in geography.
|
| 999 |
|
|
|a MARS
|
| 999 |
f |
f |
|s 3e886ceb-c988-3feb-98d1-1524550ef821
|i 6ac79876-7ce4-3701-9b13-01605366b922
|t 0
|
| 952 |
f |
f |
|p ric
|a Texas A&M University
|b Rellis Campus
|c Joint Library Facility
|d Remote Storage
|t 0
|e QC981 .O42 1981a
|h Library of Congress classification
|i unmediated -- volume
|m A14805966397
|
| 998 |
f |
f |
|a QC981 .O42 1981a
|t 0
|l Remote Storage
|